|
|
|
|
| LEADER |
01267nam a2200289 a 4500 |
| 001 |
13242023 |
| 008 |
100708r20092004nyua b 001 0 eng d |
| 010 |
|
|
|a 2003270372
|
| 020 |
|
|
|a 9788126512607
|
| 020 |
|
|
|a 0471202088
|a 8126512601
|
| 040 |
|
|
|a UKM
|c UKM
|d TXI
|d DLC
|d BD-DhAAL
|
| 082 |
0 |
0 |
|a 005.13/3
|2 22
|
| 999 |
|
|
|c 9320
|d 9320
|
| 999 |
|
|
|c 9320
|
| 100 |
1 |
|
|a Goodrich, Michael T.
|9 1573
|
| 245 |
1 |
0 |
|a Data structures and algorithms in C++ /
|c Michael T. Goodrich, Roberto Tamassia, and David M. Mount.
|
| 260 |
|
|
|a New York ;
|a New Delhi :
|b Wiley,
|c 2004.[Reprinted 2009]
|
| 300 |
|
|
|a xv, 683 p. :
|b ill. ;
|c 25 cm.
|
| 504 |
|
|
|a Includes bibliographical references (p. [665]-670) and index.
|
| 541 |
1 |
|
|e 00020582
|
| 650 |
|
0 |
|a C++ (Computer program language)
|
| 650 |
|
0 |
|a Data structures (Computer science)
|9 1574
|
| 650 |
|
0 |
|a Computer algorithms.
|
| 852 |
4 |
|
|a Ayesha Abed Library
|j General shelf
|
| 942 |
|
|
|2 ddc
|c BK
|
| 952 |
|
|
|0 0
|1 0
|2 ddc
|4 0
|6 005_133000000000000_GOO_2009
|7 0
|9 11866
|a BRACUL
|b BRACUL
|c GEN
|d 2010-09-20
|l 13
|m 164
|o 005.133 GOO
|p 3010020582
|r 2025-11-04
|s 2025-03-09
|t 1
|w 2010-09-20
|y BK
|
| 952 |
|
|
|0 0
|1 0
|2 ddc
|4 0
|6 005_133000000000000_GOO
|7 0
|9 17805
|a BRACUL
|b BRACUL
|c GEN
|d 2011-08-10
|l 9
|m 126
|o 005.133 GOO
|p 3010020583
|r 2026-02-22
|s 2026-01-31
|t 2
|w 2011-08-10
|y BK
|